|
|
|
|
| LEADER |
00000cam a2200000 4500 |
| 001 |
vtls012064842 |
| 003 |
SK-MaSNL |
| 005 |
20260301230929.0 |
| 008 |
210809s2021 xo a g 6 000 caslo |
| 015 |
|
|
|a SNBA2021/10
|
| 020 |
|
|
|a 9788082032683 (brožované)
|
| 040 |
|
|
|a SNK
|b slo
|c SNK
|e rda
|
| 041 |
1 |
|
|a slo
|h eng
|
| 043 |
|
|
|a n-us---
|a n-us-hi
|
| 044 |
|
|
|a xo
|c SK
|
| 072 |
|
7 |
|a 741.52
|x Komiksy. Komiksové adaptácie
|2 konspekt
|
| 072 |
|
7 |
|a 929
|x Biografie
|2 konspekt
|
| 080 |
|
|
|a 74/76.05.071.1
|2 2011
|
| 080 |
|
|
|a (092)741.52
|2 2011
|
| 080 |
|
|
|a (73)
|2 2011
|
| 080 |
|
|
|a (739.9)
|2 2011
|
| 080 |
|
|
|a 797.178.071.2
|2 2011
|
| 080 |
|
|
|a 797.178
|2 2011
|
| 080 |
|
|
|a 929
|2 2011
|
| 100 |
1 |
|
|a Dungo, A. J.
|4 aut
|4 ill
|9 622420
|
| 240 |
1 |
0 |
|a In waves
|l Slovensky
|
| 245 |
1 |
0 |
|a Vo vlnách
|c AJ Dungo ; preložila Kristína Svrčková
|
| 264 |
|
1 |
|a Žilina
|b Absynt
|c 2021
|
| 300 |
|
|
|a 367 strán
|b ilustrácie
|c 23 cm
|
| 336 |
|
|
|a text
|b txt
|2 rdacontent
|
| 336 |
|
|
|a statický obraz
|b sti
|2 rdacontent
|
| 337 |
|
|
|a bez média
|b n
|2 rdamedia
|
| 338 |
|
|
|a zväzok
|b nc
|2 rdacarrier
|
| 500 |
|
|
|a Preložené z angličtiny
|
| 500 |
|
|
|a Obsahuje stručné biografické údaje o autorovi
|
| 600 |
1 |
7 |
|a Dungo, A. J.
|2 SNKMA
|9 622420
|
| 650 |
0 |
7 |
|a surfing
|2 SNKPH
|9 30885
|
| 650 |
0 |
7 |
|a surfing
|2 SNKPHeng
|9 30885
|
| 650 |
0 |
7 |
|a Illustrators
|2 SNKPHeng
|9 313517
|
| 650 |
0 |
7 |
|a Surfers
|2 SNKPHeng
|9 622421
|
| 650 |
0 |
7 |
|a surfisti
|2 SNKPH
|9 52719
|
| 650 |
0 |
7 |
|a ilustrátori
|2 SNKPH
|9 82580
|
| 651 |
|
7 |
|a Havaj
|2 SNKPHgeo
|9 53719
|
| 651 |
|
7 |
|a Havaj
|2 SNKPHeng
|9 53719
|
| 655 |
|
7 |
|a autobiografické komiksy
|2 SNKPH
|9 401287
|
| 655 |
|
7 |
|a Autobiographical comics
|2 SNKPHeng
|9 401286
|
| 700 |
1 |
|
|a Svrčková, Kristína
|4 trl
|9 180103
|
| 852 |
|
|
|a Slovenská národná knižnica
|
| 919 |
|
|
|a 978-80-8203-268-3
|
| 958 |
|
|
|a UP
|
| 968 |
|
|
|b ENG
|
| 999 |
|
|
|c 956549
|d 958479
|
| 952 |
|
|
|a SNK
|b SNK
|y PREZ
|7 0
|p 17A1458222
|o snkOSC 29345
|i snk2021/12101
|8 0
|0 0
|1 0
|4 0
|d 2021-09-08
|l 0
|r 2026-02-24 10:06:11
|w 2026-02-24
|
| 952 |
|
|
|a SNK
|b SNK
|y VYP
|7 0
|p 17A1458223
|o snkOSC 29345 D1
|i snk2021/12102
|8 0
|0 0
|1 0
|4 0
|d 2021-09-08
|l 0
|r 2026-02-24 10:06:11
|w 2026-02-24
|